| 000 | 00804nam a2200229 i 4500 | ||
|---|---|---|---|
| 001 | 17914 | ||
| 003 | ES-MaACL | ||
| 005 | 20230906151720.0 | ||
| 007 | t| | ||
| 008 | 010620s2000 sp ||||1| spa d | ||
| 020 | _a84-7731-354-7 | ||
| 080 | _a929(460.181)"19"(047.53) | ||
| 245 | 0 | 4 |
_aLos nombres del león _b: conversaciones con leoneses imprescindibles / _cJosé Antonio Martínez Reñones. |
| 260 |
_aAstorga (León) : _bEdiciones del Lobo Sapiens, _c[2000] |
||
| 300 |
_a359 p. : _bil. ; _c24 cm. |
||
| 490 | 1 |
_aColección de ensayo y pensamiento ; _v1 |
|
| 650 | 1 | 4 |
_aLeoneses- _vEntrevistas. _914371 |
| 700 | 1 |
_aMartínez Reñones, José Antonio. _978351 |
|
| 830 | 0 |
_aColección de ensayo y pensamiento ; _v1 _9228753 |
|
| 852 |
_aES-MaACL _jL-24719 _bR.129814 |
||
| 999 |
_c17914 _d17914 |
||